| Tag |
First Indicator |
Second Indicator |
Subfields |
| LEADER |
00000cam a22000001a 4500 |
| 001 |
in00003205607 |
| 005 |
20190404180916.0 |
| 006 |
m d f |
| 007 |
cr bn mmmapmmp |
| 008 |
100322s1980 dcu ob f000 0 eng d |
| 035 |
|
|
|a cis2007492759
|
| 040 |
|
|
|a UMI
|c UMI
|d UtOrBLW
|
| 043 |
|
|
|a n-us---
|
| 074 |
|
|
|a 1042
|
| 086 |
0 |
|
|a Y 4.J 89/2:96-58
|
| 099 |
|
|
|a HRG-1980-SJS-0009
|
| 110 |
1 |
|
|a United States.
|b Congress.
|b Senate.
|b Committee on the Judiciary.
|
| 245 |
1 |
0 |
|a Caribbean refugee crisis, Cubans and Haitians :
|b hearing before the Committee on the Judiciary, United States Senate, Ninety-sixth Congress, Second session, May 12, 1980.
|
| 264 |
|
1 |
|a Washington :
|b U.S. Govt. Print. Off,
|c 1980.
|
| 300 |
|
|
|a 1 online resource.
|
| 336 |
|
|
|a text
|b txt
|2 rdacontent
|
| 337 |
|
|
|a computer
|b c
|2 rdamedia
|
| 338 |
|
|
|a online resource
|b cr
|2 rdacarrier
|
| 490 |
0 |
|
|a Serial - Senate, Committee on the Judiciary ;
|v no. 96-58
|
| 500 |
|
|
|a Record is based on bibliographic data in ProQuest Congressional Hearings Digital Collection. Reuse except for individual research requires license from ProQuest, LLC.
|
| 504 |
|
|
|a Includes bibliographical references.
|
| 538 |
|
|
|a System requirements: PDF reader software.
|
| 500 |
|
|
|a Electronic resource.
|
| 650 |
|
0 |
|a Political refugees
|z Cuba.
|
| 650 |
|
0 |
|a Political refugees
|z Haiti.
|
| 650 |
|
0 |
|a Political refugees
|z United States.
|
| 651 |
|
0 |
|a United States
|x Emigration and immigration.
|
| 655 |
|
7 |
|a Electronic books.
|2 local
|
| 710 |
2 |
|
|a ProQuest (Firm)
|
| 776 |
0 |
8 |
|i Print version:
|a United States. Congress. Senate. Committee on the Judiciary.
|t Caribbean refugee crisis, Cubans and Haitians
|w (OCoLC)06660258
|w gp 80024978
|
| 776 |
0 |
8 |
|i Microfiche version:
|a United States. Congress. Senate. Committee on the Judiciary.
|t Caribbean refugee crisis, Cubans and Haitians.
|d [Bethesda, Md.] : ProQuest,[2004]
|o CIS 80 S521-48
|w (ProQuest)cis08002932
|
| 830 |
|
0 |
|a U.S. Congressional Hearings.
|
| 856 |
4 |
0 |
|u http://proxy.library.tamu.edu/login?url=http://congressional.proquest.com/congcomp/getdoc?HEARING-ID=HRG-1980-SJS-0009
|z Connect to the full text of this electronic book
|t 0
|
| 998 |
|
|
|a cis08002932
|
| 999 |
|
|
|a MARS
|
| 999 |
f |
f |
|s 8086d982-84b0-33e9-b4eb-50dc91dd14db
|i f4cbf858-a0ce-30e5-aa0b-9623bd2f2ea4
|t 0
|
| 952 |
f |
f |
|a Texas A&M University
|b College Station
|c Electronic Resources
|d Available Online
|t 0
|e HRG-1980-SJS-0009
|h Other scheme
|
| 998 |
f |
f |
|a HRG-1980-SJS-0009
|t 0
|l Available Online
|